Billboard Hot 100 #1 Hits of 1987 - Statistics

General Stats
  • This quiz has been taken 21 times
  • The average score is 23 of 52
Answer Stats
Issue Date #1 Hit Artist % Correct
February 14 Livin' On A Prayer Bon Jovi
85%
February 28 Livin' On A Prayer Bon Jovi
85%
January 3 Walk Like An Egyptian The Bangles
85%
January 10 Walk Like An Egyptian The Bangles
85%
December 5 Heaven Is A Place On Earth Belinda Carlisle
65%
May 16 With Or Without You U2
65%
May 23 With Or Without You U2
65%
May 30 With Or Without You U2
65%
December 12 Faith George Michael
60%
December 19 Faith George Michael
60%
December 26 Faith George Michael
60%
October 10 Here I Go Again Whitesnake
60%
May 2 (I Just) Died In Your Arms Cutting Crew
60%
May 9 (I Just) Died In Your Arms Cutting Crew
60%
June 27 I Wanna Dance with Somebody (Who Loves Me) Whitney Houston
60%
July 4 I Wanna Dance with Somebody (Who Loves Me) Whitney Houston
60%
November 7 I Think We're Alone Now Tiffany
55%
November 14 I Think We're Alone Now Tiffany
55%
February 21 Livin' On A Prayer Bon Jovi
55%
March 7 Livin' On A Prayer Bon Jovi
55%
July 11 Alone Heart
50%
July 18 Alone Heart
50%
July 25 Alone Heart
50%
August 29 La Bamba Los Lobos
50%
September 5 La Bamba Los Lobos
50%
September 12 La Bamba Los Lobos
50%
October 24 Bad Michael Jackson
45%
October 31 Bad Michael Jackson
45%
August 8 I Still Haven't Found What I'm Looking For U2
45%
August 15 I Still Haven't Found What I'm Looking For U2
45%
November 28 (I've Had) The Time Of My Life Bill Medley & Jennifer Warnes
40%
November 21 Mony Mony Billy Idol
40%
April 18 I Knew You Were Waiting (For Me) Aretha Franklin & George Michael
30%
April 25 I Knew You Were Waiting (For Me) Aretha Franklin & George Michael
30%
March 21 Lean On Me Club Nouveau
30%
March 28 Lean On Me Club Nouveau
30%
April 4 Nothing's Gonna Stop Us Now Starship
30%
April 11 Nothing's Gonna Stop Us Now Starship
30%
August 1 Shakedown Bob Seger
30%
January 17 Shake You Down Gregory Abbott
30%
June 20 Head To Toe Lisa Lisa and Cult Jam
25%
June 6 You Keep Me Hangin' On Kim Wilde
25%
January 24 At This Moment Billy Vera and the Beaters
20%
January 31 At This Moment Billy Vera and the Beaters
20%
September 19 I Just Can't Stop Loving You Michael Jackson & Siedah Garrett
20%
August 22 Who's That Girl Madonna
20%
June 13 Always Atlantic Starr
15%
March 14 Jacob's Ladder Huey Lewis and the News
15%
February 7 Open Your Heart Madonna
15%
September 26 Didn't We Almost Have It All Whitney Houston
5%
October 3 Didn't We Almost Have It All Whitney Houston
5%
October 17 Lost In Emotion Lisa Lisa and Cult Jam
5%
No matching quizzes found
Score Distribution
Percent of People with Each Score
Percentile by Number Answered
Your Score History
You have not taken this quiz